LEADER 01116nam a2200277 a 4500 001 000000145926 003 CaOOAMICUS 005 20150922114722.0 008 150922s2000 it u000 u ita r 020 $a88-01-01950-5 040 $aPUL$bita 100 1 $aPollo, Mario.$0(OLS)http://pul/name/92268 245 13$aLe sfide educative dei giovani d'oggi /$cMario Pollo. 260 $aLeumann (Torino) :$bElle Di Ci,$cİ2000. 300 $a167 p. ;$c21 cm 490 1 $aSistema preventivo ;$v05 650 4$aEducazione$xAspetti morali e religiosi.$0(OLS)http://pul/subject/651 830 0$aSistema preventivo ;$v05.$0(OLS)http://pul/title/184514 850 $aPUL 852 $aPUL$W1$xDP1 Fondo S. Lanza$y121$m4 A 87$j163175$qFondi$B169521$CPULBib$Z2$F169521 $HLan1036 $82 941 1 $a1 961 $aNota ms. di possesso: Sergio Lanza 996 $6020$a88-01-01950-5$9(OLS)http://pul/number/158691 996 $6245$aLe sfide educative dei giovani d'oggi$9(OLS)http://pul/title/184513 996 $6260$aLeumann (Torino) :$bElle Di Ci$9(OLS)http://pul/publisher/53685 LEADER 01410nam a2200313 a 4500 001 000000170376 003 CaOOAMICUS 005 20181109125814.0 008 181109s1995 it u000 u ita r 020 $a88-8490-242-8* 032 $aLibriCat 040 $aPUL$bita 041 1 $aita$heng 100 1 $aRifkin, Jeremy.$0(OLS)http://pul/name/86691 240 14$aThe end of work : $bthe decline of the global labor force and the dawn of the post-market era.$lItaliano.$0(OLS)http://pul/title/207563 245 13$aLa fine del lavoro : $bil declino della forza lavoro globale e l'avvento dell'era post-mercato /$cJeremy Rifkin. 260 $aMilano :$bBaldini & Castoldi,$cİ1995. 300 $a519 p. ; $c21 cm. 490 1 $aI nani. Vita economica 504 $aContiene riferimenti bibliografici. 650 4$aLavoro$xAspetti economici e sociali.$0(OLS)http://pul/subject/1142 830 2$aI Nani$pVita economica.$0(OLS)http://pul/title/211133 850 $aPUL 852 $aPUL$W1$xDP1 Fondo De Girolamo$y124$m1 B 30$j41694$qFondi$B198666$CPULBib$Z2$F198666 $81 941 1 $a1 996 $6020$a88-8490-242-8*$9(OLS)http://pul/number/165233 996 $6245$aLa fine del lavoro : $bil declino della forza lavoro globale e l'avvento dell'era post-mercato$9(OLS)http://pul/title/207564 996 $6260$aMilano :$bBaldini & Castoldi$9(OLS)http://pul/publisher/66915